000 00729nam a22002297a 4500
005 20170124105928.0
010 _aB-11624
020 _c00.00
_a019564719
035 _aB-11624
037 _bCen Lib/Ret
040 _aDPL
_bEN
082 _a305.89143
_bDAT
100 _aDatta,Nonica
_97283
245 _aForming an identity a social history of the Jats /
_cby Nonica Datta
260 _aNew Delhi
_bOxford university press
_c1999
270 _aYMCA library building Jai Singh road
_bNew Delhi
_e110001
300 _a228p.
_c21cm(Hb)
500 _aIncludes bibliographical reference and index
650 _aIndia--Haryana
_96595
650 _aSocial conditions
_91609
942 _2ddc
_cEN
_h305.89143
_mDAT
999 _c123631
_d123631